Normal view
MARC view
- Castillo Sandoval, Antonio
Entry Nombre Personal
001 - NUMERO DE CONTROL
- campo de control: 46558
003 - IDENTIFICADOR DE NUMERO DE CONTROL
- campo de control: UPN
005 - FECHA Y HORA DE LA ÜLTIMA TRANSACCIÓN
- campo de control: 20220920185456.0
008 - DATOS DE LONGITUD FIJA
- campo de control de longitud fija: 220920|||az|nnaaan a aaa d
040 ## - FUENTE DE CATALOGACIÓN
- Agencia original de catalogación: MX-MxUPN
- Lenguaje de catalogación: spa
- Agencia de transcripción: MX-MxUPN
- Description conventions: rda
100 1# - ENCABEZAMIENTO - NOMBRE PERSONAL
- Nombre personal: Castillo Sandoval, Antonio
372 ## - CAMPO DE ACTIVIDAD
- Field of activity: Docente
373 ## - GRUPO ASOCIADO
- Associated group: Universidad Pedagógica Nacional (México)
374 ## - OCUPACIÓN
- Occupation: Pedagogo
400 1# - VEÁSE - NOMBRE DE PERSONA
- Personal name: Castillo, Antonio Sandoval
670 ## - FUENTE EN LA QUE SE LOCALIZARON DATOS
- Cita de la fuente: Universidad Pedagógica Nacional, 20 septiembre 2022:
- Información localizada: (Dr. Antonio Castillo Sandoval, Universidad Pedagógica Nacional, Profesor de Tiempo Completo)
- Uniform Resource Identifier: https://area2.upnvirtual.edu.mx/index.php/cuerpos-academicos/sps/176-dr-antonio-castillo-sandoval
902 ## - CATALOGADOR
- Catalogador: VAGG/200922
